|
|
|
|
| LEADER |
00000cam a2200000 4500 |
| 001 |
a4390068 |
| 005 |
20140604050826.0 |
| 008 |
081128s1992 C a 001 0 spa |
| 020 |
|
|
|a 99977680299
|
| 040 |
|
|
|a SpMaBN
|b spa
|c SpMaBN
|
| 082 |
|
|
|a 305.897.281 C336g
|
| 100 |
1 |
|
|a Casaús Arzú, Marta Elena
|
| 245 |
1 |
0 |
|a Guatemala, linaje y racismo
|c Marta Elena Casaús Arzú
|
| 250 |
|
|
|a 1. edición
|
| 260 |
|
|
|a San José, Costa Rica
|b FLACSO
|c 1992
|
| 300 |
|
|
|a 343 páginas, algunas plegables
|
| 650 |
|
7 |
|a ELITES
|z GUATEMALA
|v HISTORIA
|
| 650 |
|
7 |
|a DISCRIMINACION RACIAL
|z GUATEMALA
|
| 942 |
|
|
|2 ddc
|c BK
|
| 956 |
|
|
|a 2
|
| 999 |
|
|
|c 3282
|d 3282
|